KOHA-Header-6

Computational Methods and Function Theory (Record no. 8625)

000 -LEADER
fixed length control field 00272nam a2200109Ia 4500
100 ## - MAIN ENTRY--AUTHOR NAME
Personal name Papamichael N
245 #0 - TITLE STATEMENT
Title Computational Methods and Function Theory
260 ## - PUBLICATION, DISTRIBUTION, ETC. (IMPRINT)
Place of publication India
Name of publisher Addision
Year of publication 1991
300 ## - PHYSICAL DESCRIPTION
Number of Pages 292
942 ## - ADDED ENTRY ELEMENTS (KOHA)
Koha item type Books
Holdings
Withdrawn status Lost status Collection code Permanent Location Current Location Shelving location Date acquired Full call number Accession Number Koha item type
    Statistics MAJU MAJU Shelf No.A27 2019-09-14 005.2 3481 Statistics

Powered by Koha